• 首页
  • 本馆介绍
  • 公告通知
  • 最新文献
  • 馆藏检索
  • 电子资源
  • 读者导购
  • 参考咨询
  • 我的图书馆
  • 登录
  • 详细信息显示
  • 放入我的书架
  • 预约/预借图书
  • 作者相关作品
  • 分类相关作品
  • 丛书相关作品
  • 出版社相关作品

书目信息

  • 表格格式
  • 工作单格式
  • 卡片格式
题名:
高温超导物理
    
 
作者: 韩汝珊 编著
分册:  
出版信息: 北京   北京大学出版社  1998
页数: 336页
开本: 20cm
丛书名:
单 册:
中图分类: O522
科图分类:
主题词: 高压物理学 , 高温物理学
电子资源:
ISBN: 7-301-03700-X
000 00539nam0 2200193 450
001 0735592734
005 20070906095312.73
010    @a7-301-03700-X@d¥19.00
100    @a20070906d km y0chiy0120 ea
101 0  @achi
200 1  @a高温超导物理@Agao wen chao dao wu li@f韩汝珊编著@Fhan ru shan bian zhu
210    @a北京@c北京大学出版社@d1998
215    @a336页@d20cm
606 0  @a高压物理学
606 0  @a高温物理学
690    @aO522@v3
701  0 @a韩汝珊@Ahan ru shan@4编著
801  0 @aCN@bPFT@c20070906
905    @a213230@dO522@eP1@f1
    
    高温超导物理/韩汝珊编著.-北京:北京大学出版社,1998
    336页;20cm
    
    
    ISBN 7-301-03700-X:¥19.00
    
●
相关链接 在E读中查询图书 在五车中查询图书 在当当中查询图书 在豆瓣中查询图书


正题名:高温超导物理     索取号:O522/P1         预约/预借

序号 登录号 条形码 馆藏地/架位号 状态 备注
1 7200197   272001978   密集书库-物理学院/ [索取号:O522/P1] 在馆    
2 7200198   272001987   密集书库-物理学院/ [索取号:O522/P1] 在馆    
3 7200199   272001996   密集书库-物理学院/ [索取号:O522/P1] 在馆    
4 7200200   272002003   密集书库-物理学院/ [索取号:O522/P1] 在馆    
唐山师范学院图书馆 欢迎您!
大连网信软件有限公司© 版权所有